Douglas Adams Novels Quiz Stats

 Plays Quiz Updated Jan 28, 2020

     
Support Sporcle.
Go Orange.
Score 0/7 Timer 04:00
3 Plays Today
Year Novel % Correct
1979The Hitchhiker's Guide to the Galaxy
97.1%
1984So Long, and Thanks For All the Fish
82.7%
1980The Restaurant at the End of the Universe
82%
1992Mostly Harmless
57.4%
1982Life, the Universe, and Everything
50.9%
1987Dirk Gently's Holistic Detective Agency
40.3%
1988The Long Dark Tea-Time of the Soul
38%

From the Vault

Unique Country Beginnings by Continent

by goldribbon

As the Northern Hemisphere nears winter, just remember, life can be a beach and then you fry.
Remove Ads.
Support Sporcle.
Get the best of Sporcle when you Go Orange. This ad-free experience offers more features, more stats, and more fun while also helping to support Sporcle. Thank you for becoming a member.

Show Comments

Extras

Top Quizzes Today


Score Distribution

Your Account Isn't Verified!

In order to create a playlist on Sporcle, you need to verify the email address you used during registration. Go to your Sporcle Settings to finish the process.

Report this User

Report this user for behavior that violates our Community Guidelines.

Details: